LEADER 01221nam a2200277 4500 001 000000343738 003 CaOOAMICUS 005 20210113000000.0 008 210113s1993 it a 000 u ita r 020 $a88-10-50910-2 040 $aSeMil$bita 100 1 $aSovernigo, Giuseppe,$d<1938- >.$0(OLS)http://semarc/name/24287 245 10$aPoter amare :$bmaturazione sessuale e scelte di vita /$cGiuseppe Sovernigo. 264 1$aBologna :$bEDB,$c1993. 300 $a224 p. :$bill. ;$c19 cm 490 1 $aItinerari. Collana di spiritualità - Dottrina esperienze testimonianze 650 4$aSessualità - Psicologia.$0(OLS)http://semarc/subject/45059 650 4$aSessualità - Educazione.$0(OLS)http://semarc/subject/22195 830 0$aCollana di spiritualità.$0(OLS)http://semarc/title/6623 850 $aSeMil 852 $aSeMil$W1$xVenegono$y1$m2Q I 357$j223673$B234761$CSeMilBibl$Z2$F234761 $81 961 $aTremolada don Maurizio - Omaggio 996 $6020$a88-10-50910-2$9(OLS)http://semarc/number/292053 996 $6245$aPoter amare :$bmaturazione sessuale e scelte di vita$9(OLS)http://semarc/title/432767 996 $6264$aBologna :$bEDB$9(OLS)http://semarc/publisher/29669 LEADER 01695nam a2200301 i 4500 001 000000255718 003 CaOOAMICUS 005 20221025140029.0 008 171013s1749 it u000 u lat u 026 $aisu- o-i- s,ea esac (3) 1749 (R) 040 $aSeMil$bita 100 1 $aArrighi, Antonio Maria,$d<1689-1753>.$0(OLS)http://semarc/name/94587 245 10$aAntonii Arrighii De vita et rebus gestis Francisci Mauroceni Peloponnesiaci principis venetorum ad senatum libri 4. 260 $aPatavii :$bExcudebat Josephus Cominus,$c1749$e(Patavii :$fexcudebat Josephus Cominus,$g1749) 300 $a[32], 415, [1] p., [1] carta di tav. :$bantip. ;$c4º. 500 $aSull'antip. ritratto dell'autore. - Iniz. ornate. - Testatine e finalini xilogr. 500 $aMarca editoriale: Scavatore di anticaglie. Motto: Quidquid sub terra est in apricum proferet aetas. (Riferimenti: Annali della Tipografia Volpi-cominiana ... p. 145-146). - Marca n.c. 500 $aSegn.: a-d4 A-3F4 650 4$aMorosini, Francesco <1619-1694>.$0(OLS)http://semarc/subject/10988 700 1 $aComino, Giuseppe,$c.$0(OLS)http://semarc/name/2720 700 1 $aVolpi, Giovanni Antonio & Volpi, Gaetano,$c.$0(OLS)http://semarc/name/11139 850 $aSeMil 852 $aSeMil$W1$xVenegono$y1$m3U V 17 FA$j206064$B206064$CSeMilBibl$Z2$F219481 $8I 941 1 $a10 961 $aRecupero: Mantegazza 996 $6245$aAntonii Arrighii De vita et rebus gestis Francisci Mauroceni Peloponnesiaci principis venetorum ad senatum libri 4$9(OLS)http://semarc/title/411839 996 $6260$aPatavii :$bExcudebat Josephus Cominus$9(OLS)http://semarc/publisher/36833